Thermodynamics: An Engineering Approach,4th ed in SI units (Record no. 267220)

000 -LEADER
fixed length control field 00422 a2200145 4500
001 - CONTROL NUMBER
control field 32147
082 ## - DEWEY DECIMAL CLASSIFICATION NUMBER
Classification number 621.4021 CEN
090 ## - LOCALLY ASSIGNED LC-TYPE CALL NUMBER (OCLC); LOCAL CALL NUMBER (RLIN)
-- 21592
-- 21592
100 ## - MAIN ENTRY--PERSONAL NAME
Personal name Cengel, Yunus A ; Michael A Boles
245 ## - TITLE STATEMENT
Title Thermodynamics: An Engineering Approach,4th ed in SI units
250 ## - EDITION STATEMENT
Edition statement 4
260 ## - PUBLICATION, DISTRIBUTION, ETC.
Place of publication, distribution, etc. N.Y
Name of publisher, distributor, etc. McGraw-Hill
Date of publication, distribution, etc. 2002
300 ## - PHYSICAL DESCRIPTION
Extent xxx, 890 p.
Other physical details Pb ; origional edition
Accompanying material with CD
500 ## - GENERAL NOTE
General note BE textbook Aerospace
942 ## - ADDED ENTRY ELEMENTS (KOHA)
Institution code [OBSOLETE] NUST-CAE
Call number prefix 621.4021 CEN
Holdings
Withdrawn status Lost status Damaged status Not for loan Collection code Permanent Location Current Location Date acquired Total Checkouts Full call number Barcode Date last seen Price effective from Koha item type
          College of Aeronautical Engineering (CAE) College of Aeronautical Engineering (CAE) 04/03/2017   621.4021 CEN CAE72160 04/05/2017 04/05/2017 Book
© 2023 Central Library, National University of Sciences and Technology. All Rights Reserved.